[Event "Rated Blitz game"]
[Site "?"]
[Date "2021.07.22"]
[Round "?"]
[White "HeikoWestermann4"]
[Black "Dzon_Vejn"]
[Result "1/2-1/2"]
[WhiteElo "2366"]
[BlackElo "2458"]
[PlyCount "137"]
[EventDate "2021.??.??"]
[EventType "blitz"]

1. e4 e5 2. Nf3 d5 3. Nc3 dxe4 4. Nxe4 Nf6 5. Nxf6+ Qxf6 6. Bc4 Nc6 7. O-O h6
8. Re1 Bg4 9. d4 O-O-O 10. dxe5 Rxd1 11. exf6 Bxf3 12. Rxd1 Bxd1 13. Bf4 Bxc2
14. Bxf7 gxf6 15. Be6+ Kb8 16. Rc1 Bg6 17. a3 Bd6 18. Be3 Rd8 19. b4 a6 20.
Bxh6 Ne5 21. Be3 Bf7 22. Bf5 Nc4 23. Bh6 Nxa3 24. Bg7 Be5 25. g3 Nc4 26. h4 Nd6
27. Bg4 Bd4 28. Bf3 c6 29. h5 Kc7 30. h6 Bg6 31. Bd1 Nf5 32. Bc2 Nxg7 33. Bxg6
Ne6 34. h7 Ng5 35. Re1 Rh8 36. Re7+ Kb6 37. Rg7 f5 38. Re7 Ne4 39. Kg2 Nxf2 40.
Kf3 Ne4 41. Bxf5 Nd6 42. Rd7 Nxf5 43. Kf4 Nh6 44. Rxd4 Rxh7 45. Rd6 Rf7+ 46.
Rf6 Rxf6+ 47. Kg5 Rd6 48. g4 Rd4 49. Kh5 Rxb4 50. g5 Rb5 51. Kxh6 Rxg5 52. Kxg5
a5 53. Kf4 a4 54. Ke4 Kb5 55. Kd3 Kb4 56. Kc2 Ka3 57. Kb1 b5 58. Ka1 b4 59. Kb1
b3 60. Ka1 c5 61. Kb1 c4 62. Kc1 c3 63. Kb1 b2 64. Kc2 Ka2 65. Kxc3 b1=Q 66.
Kc4 Qb3+ 67. Kc5 a3 68. Kd6 Kb2 69. Kc7 {Time forfeit} 1/2-1/2

[Event "Rated Rapid game"]
[Site "?"]
[Date "2021.07.22"]
[Round "?"]
[White "ghenghiskhan"]
[Black "Gmjaknour"]
[Result "1-0"]
[WhiteElo "2451"]
[BlackElo "2340"]
[PlyCount "41"]
[EventDate "2021.??.??"]
[EventType "rapid"]

1. e4 e5 2. Nf3 d5 3. exd5 e4 4. Qe2 Nf6 5. d3 Bb4+ 6. c3 O-O 7. dxe4 Bc5 8.
Bg5 Re8 9. Nbd2 Be7 10. Bxf6 Bxf6 11. O-O-O c6 12. Nb3 cxd5 13. Rxd5 Qb6 14.
Qb5 Qe6 15. Nc5 Qe7 16. e5 Bg5+ 17. Kb1 Bh6 18. Bd3 Be6 19. Rd6 Nc6 20. Qxb7
Nxe5 21. Qxe7 {Normal} 1-0

[Event "Rated Blitz tournament iK4VnmmR"]
[Site "?"]
[Date "2021.07.22"]
[Round "?"]
[White "Kolian222"]
[Black "dr_xStranger"]
[Result "1-0"]
[WhiteElo "2433"]
[BlackElo "2509"]
[PlyCount "43"]
[EventDate "2021.??.??"]
[EventType "blitz"]

1. e4 e5 2. Nf3 d5 3. exd5 e4 4. Qe2 Nf6 5. Nc3 Be7 6. Nxe4 O-O 7. d3 Re8 8.
Qd1 Nxd5 9. Be2 Bb4+ 10. c3 Bf8 11. O-O f5 12. Ng3 Bd6 13. Re1 Nc6 14. d4 Kh8
15. Bc4 Nf6 16. Bg5 Rxe1+ 17. Qxe1 Bd7 18. Qd2 h6 19. Bxh6 Ne4 20. Nxe4 fxe4
21. Ng5 Be8 22. Bxg7+ {Normal} 1-0

[Event "Rated Blitz game"]
[Site "?"]
[Date "2021.07.22"]
[Round "?"]
[White "Yotto"]
[Black "Artem_0degov"]
[Result "1-0"]
[WhiteElo "2685"]
[BlackElo "2683"]
[PlyCount "35"]
[EventDate "2021.??.??"]
[EventType "blitz"]

1. e4 e5 2. Nf3 d5 3. exd5 e4 4. Ne5 Qxd5 5. d4 exd3 6. Nxd3 Nf6 7. Nc3 Qd8 8.
Bg5 Be7 9. Qd2 O-O 10. O-O-O Nc6 11. f3 h6 12. h4 hxg5 13. hxg5 Ne8 14. f4 Bg4
15. Be2 Qd7 16. Rh4 f5 17. Rdh1 Bc5 18. g6 {Normal} 1-0

[Event "Rated Blitz tournament UCQcLtEJ"]
[Site "?"]
[Date "2021.07.22"]
[Round "?"]
[White "HpRmDrNsT"]
[Black "Schachelite"]
[Result "0-1"]
[WhiteElo "2308"]
[BlackElo "2445"]
[PlyCount "38"]
[EventDate "2021.??.??"]
[EventType "blitz"]

1. e4 e5 2. Nf3 d5 3. d4 dxe4 4. Nxe5 Bd6 5. Nc4 Nf6 6. Be2 O-O 7. g4 Nc6 8. g5
Nd5 9. Ne3 Nf4 10. h4 Nxe2 11. Kxe2 f5 12. c3 f4 13. Qb3+ Kh8 14. Nc4 Bg4+ 15.
Kf1 e3 16. Nxd6 Qxd6 17. Na3 exf2 18. Kxf2 Nxd4 19. Nc4 Nxb3 {Normal} 0-1

[Event "Rated Blitz game"]
[Site "?"]
[Date "2021.07.22"]
[Round "?"]
[White "marinoacid"]
[Black "GrandeGila"]
[Result "0-1"]
[WhiteElo "2346"]
[BlackElo "2458"]
[PlyCount "48"]
[EventDate "2021.??.??"]
[EventType "blitz"]

1. e4 e5 2. Nf3 d5 3. Nxe5 Bd6 4. d4 dxe4 5. Nc4 Nc6 6. c3 Nf6 7. Bg5 O-O 8.
Be2 Re8 9. Nbd2 Bf5 10. Ne3 Bg6 11. Nd5 Be7 12. Nxe7+ Qxe7 13. Nc4 Qe6 14. Ne3
Nd5 15. Qb3 Nxe3 16. Bxe3 Qxb3 17. axb3 a6 18. b4 Rad8 19. O-O Ne7 20. b5 axb5
21. Ra7 Rb8 22. Bxb5 c6 23. Bc4 Nc8 24. d5 Nxa7 {Normal} 0-1

[Event "Rated Blitz game"]
[Site "?"]
[Date "2021.07.22"]
[Round "?"]
[White "WalkInTheSkies"]
[Black "borisov_maxim"]
[Result "0-1"]
[WhiteElo "2586"]
[BlackElo "2534"]
[PlyCount "122"]
[EventDate "2021.??.??"]
[EventType "blitz"]

1. e4 e5 2. Nf3 d5 3. Nxe5 Qe7 4. d4 dxe4 5. Bc4 Be6 6. O-O Bxc4 7. Nxc4 Nd7 8.
Nc3 Ngf6 9. Re1 O-O-O 10. Bg5 Qe6 11. d5 Qa6 12. Ne3 Bb4 13. a3 Bxc3 14. bxc3
h6 15. Bf4 g5 16. Bg3 h5 17. Qd4 h4 18. Be5 h3 19. g3 Rhe8 20. Bxf6 Nxf6 21. c4
Kb8 22. Rab1 Nd7 23. Rb5 c6 24. Rb3 c5 25. Qg7 Qf6 26. Qxf6 Nxf6 27. Nf5 Rd7
28. Rbe3 Re5 29. Nh6 g4 30. f4 Rh5 31. Nxg4 Nxg4 32. Rxe4 f5 33. Re8+ Kc7 34.
Rf8 Kb6 35. Re6+ Ka5 36. Rc8 b6 37. d6 Rh6 38. Rxh6 Nxh6 39. Rc6 Nf7 40. Rc8
Nxd6 41. Rf8 Ne4 42. Kf1 Rd1+ 43. Ke2 Rd2+ 44. Ke3 Rxh2 45. Rxf5 Nxg3 46. Rg5
Nf1+ 47. Kf3 Rxc2 48. Rh5 h2 49. f5 Rxc4 50. f6 Rc3+ 51. Kf4 Ng3 52. Rxh2 Nf1
53. Rh5 Nd2 54. f7 Rf3+ 55. Ke5 Rxf7 56. Rf5 Nc4+ 57. Ke6 Rxf5 58. Kxf5 Nxa3
59. Ke4 Nb5 60. Kd5 Ka4 61. Kc4 a5 {Time forfeit} 0-1

[Event "Rated Blitz game"]
[Site "?"]
[Date "2021.07.22"]
[Round "?"]
[White "ANDSANGARZON-1114"]
[Black "KinzyabulatovRenat"]
[Result "1/2-1/2"]
[WhiteElo "2420"]
[BlackElo "2399"]
[PlyCount "133"]
[EventDate "2021.??.??"]
[EventType "blitz"]

1. e4 e5 2. Nf3 d5 3. exd5 e4 4. Nd4 Qxd5 5. Nb3 Qe5 6. Nc3 Nc6 7. Bb5 Bd7 8.
O-O Bd6 9. g3 O-O-O 10. Re1 Nf6 11. d3 a6 12. Bxc6 Bxc6 13. Bf4 Qf5 14. Bxd6
Rxd6 15. dxe4 Nxe4 16. Qe2 Nxc3 17. bxc3 Qd5 18. f3 Qxf3 19. Qxf3 Bxf3 20. Rf1
Rf6 21. Nd4 Be4 22. Rxf6 gxf6 23. Rf1 c5 24. Nb3 f5 25. Nxc5 Bxc2 26. Rf2 Bb1
27. Rb2 Be4 28. Rf2 Rf8 29. Rf4 Bb1 30. a4 Kc7 31. Rb4 Bc2 32. Nxb7 Rb8 33. Nc5
Rxb4 34. cxb4 Kc6 35. a5 Kb5 36. Kf2 f4 37. gxf4 Bf5 38. Ke3 Bc8 39. Nd3 Kc4
40. Ne5+ Kxb4 41. Nxf7 Kxa5 42. Nd6 Bd7 43. f5 Kb4 44. f6 Be6 45. f7 Bxf7 46.
Nxf7 a5 47. Ne5 a4 48. Nd3+ Kc3 49. Ke2 a3 50. Nc1 Kc2 51. Na2 Kb2 52. Nb4 Kb3
53. Nd3 Kc2 54. h4 h5 55. Ke3 Kc3 56. Ke2 a2 57. Nf4 a1=Q 58. Kf3 Qf1+ 59. Ke4
Qe1+ 60. Kf5 Qxh4 61. Ne2+ Kd2 62. Nf4 Qg4+ 63. Ke5 Qxf4+ 64. Kxf4 h4 65. Kg5
h3 66. Kg4 h2 67. Kg5 {Time forfeit} 1/2-1/2

[Event "Rated Blitz game"]
[Site "?"]
[Date "2021.07.22"]
[Round "?"]
[White "mared2"]
[Black "NaestvedVinderAltid"]
[Result "1-0"]
[WhiteElo "2419"]
[BlackElo "2370"]
[PlyCount "77"]
[EventDate "2021.??.??"]
[EventType "blitz"]

1. e4 e5 2. Nf3 d5 3. exd5 e4 4. Qe2 Nf6 5. d3 Qxd5 6. Bg5 Bb4+ 7. c3 O-O 8.
dxe4 Nxe4 9. Be3 Bc5 10. Nbd2 Bxe3 11. Qxe3 Nxd2 12. Nxd2 Nc6 13. O-O-O Qa5 14.
Kb1 Be6 15. Bc4 Rfe8 16. Bxe6 Rxe6 17. Qg3 Rae8 18. Nb3 Qb6 19. h4 Re2 20. Rhf1
Na5 21. Qg4 h5 22. Qa4 Qg6+ 23. Ka1 Qc2 24. Rb1 Nxb3+ 25. Qxb3 Rxf2 26. Qxb7
Rxg2 27. Qxc7 Qg6 28. Qxa7 Ree2 29. a4 Qe6 30. Qb7 f6 31. Qb5 Qd6 32. Qb3+ Kh8
33. Rfd1 Qh2 34. Rd8+ Kh7 35. Qg8+ Kg6 36. Qb3 Rxb2 37. Rxb2 Rg1+ 38. Ka2 Qh1
39. Qc2+ {Time forfeit} 1-0

[Event "Rated Blitz game"]
[Site "?"]
[Date "2021.07.22"]
[Round "?"]
[White "Orsanchez"]
[Black "ahoramahora"]
[Result "1-0"]
[WhiteElo "2542"]
[BlackElo "2406"]
[PlyCount "73"]
[EventDate "2021.??.??"]
[EventType "blitz"]

1. e4 e5 2. Nf3 d5 3. Nc3 d4 4. Ne2 Nc6 5. Ng3 Bg4 6. Bc4 Nf6 7. a3 Bd6 8. d3
O-O 9. h3 Bxf3 10. Qxf3 Ne7 11. Bg5 Ne8 12. Nf5 Kh8 13. h4 f6 14. Bd2 Nxf5 15.
Qxf5 Qe7 16. h5 c6 17. g4 Bc7 18. O-O-O Nd6 19. Qf3 Nxc4 20. dxc4 Qc5 21. Bb4
Qxc4 22. Bxf8 Rxf8 23. Kb1 Ba5 24. g5 Bd8 25. h6 g6 26. gxf6 Rxf6 27. Qg3 Qc5
28. Rhf1 Bc7 29. Qg5 Qe7 30. f4 exf4 31. e5 Qxe5 32. Qg4 Qe8 33. Rde1 Qf8 34.
Qd7 Rf7 35. Rxf4 Bxf4 36. Re8 Be5 37. Qxf7 {Normal} 1-0

[Event "Rated Blitz tournament aK835MEm"]
[Site "?"]
[Date "2021.07.22"]
[Round "?"]
[White "jimmyTY_Tacloban"]
[Black "Armament_Haki"]
[Result "0-1"]
[WhiteElo "2418"]
[BlackElo "2552"]
[PlyCount "108"]
[EventDate "2021.??.??"]
[EventType "blitz"]

1. e4 e5 2. Nf3 d5 3. exd5 e4 4. Qe2 Be7 5. Qxe4 Nf6 6. Qe2 O-O 7. d3 Bc5 8.
Be3 Re8 9. Nc3 Nxd5 10. Nxd5 Qxd5 11. c4 Bb4+ 12. Nd2 Qd8 13. O-O-O Nc6 14. h3
Bf5 15. Nf3 Qf6 16. g4 Bg6 17. h4 h5 18. g5 Qf5 19. Bh3 Qa5 20. Kb1 b5 21. cxb5
Qxb5 22. Ka1 Rad8 23. Qc2 Ba5 24. Qc4 Bxd3 25. Qxb5 Bxb5 26. Bd7 Rxd7 27. Rxd7
Nb4 28. Rd2 Bc6 29. Rh3 Be4 30. Nd4 Bb6 31. a3 Nd5 32. Nb5 Nxe3 33. fxe3 Bf5
34. Rf3 g6 35. Nd4 Bg4 36. Rg3 c5 37. Nc6 Bc7 38. Rg1 Rxe3 39. Rc1 Bf4 40. Rd8+
Kg7 41. Rcd1 Bxd1 42. Rxd1 Rh3 43. Nxa7 Rxh4 44. Rd5 Be3 45. Nc8 Rg4 46. Nd6
Rxg5 47. Ne8+ Kf8 48. Rd8 Ke7 49. Rc8 h4 50. Ng7 Bd4 51. Re8+ Kd7 52. Rh8 Rg1+
53. Ka2 Bxg7 54. Rxh4 Rg2 {Normal} 0-1

[Event "Rated Blitz game"]
[Site "?"]
[Date "2021.07.22"]
[Round "?"]
[White "Ilmenau"]
[Black "FourNinetySix"]
[Result "0-1"]
[WhiteElo "2395"]
[BlackElo "2492"]
[PlyCount "110"]
[EventDate "2021.??.??"]
[EventType "blitz"]

1. e4 e5 2. Nf3 d5 3. Nxe5 Bd6 4. d4 dxe4 5. Bc4 Bxe5 6. dxe5 Qxd1+ 7. Kxd1 Nc6
8. Bf4 Nge7 9. Nc3 Bf5 10. Bg3 O-O-O+ 11. Kc1 Bg6 12. Re1 Rd4 13. Bb3 h5 14.
Ne2 Rd7 15. Nc3 h4 16. Bf4 Rd4 17. Ne2 Rdd8 18. Nc3 Rh5 19. Nxe4 Nxe5 20. Ng5
N7c6 21. a4 Re8 22. Kd2 f6 23. Ne6 Rh7 24. Rad1 Bf5 25. Nc5 Rd8+ 26. Kc1 b6 27.
Be6+ Bxe6 28. Nxe6 Rxd1+ 29. Rxd1 g5 30. Be3 Re7 31. Nd4 Nb4 32. Nf5 Rd7 33.
Bd4 c5 34. Bxe5 Na2+ 35. Kb1 Rxd1+ 36. Kxa2 fxe5 37. Ne3 Rd2 38. Ng4 Rxc2 39.
h3 Kc7 40. Kb3 Re2 41. Kc3 Kd6 42. b3 a6 43. Kd3 Ra2 44. Kc3 b5 45. axb5 axb5
46. Kd3 Ra1 47. Nf6 Rc1 48. Ne4+ Kd5 49. Nxg5 c4+ 50. bxc4+ bxc4+ 51. Kd2 Ra1
52. Nf3 Ra2+ 53. Ke3 c3 54. Nxh4 Rxf2 55. g4 c2 {Normal} 0-1

[Event "Rated Blitz tournament fuKCnKUN"]
[Site "?"]
[Date "2021.07.22"]
[Round "?"]
[White "Arifars17"]
[Black "Bis_Kecil_BKD"]
[Result "1-0"]
[WhiteElo "2422"]
[BlackElo "2464"]
[PlyCount "49"]
[EventDate "2021.??.??"]
[EventType "blitz"]

1. e4 e5 2. Nf3 d5 3. Nxe5 dxe4 4. Nc3 Nf6 5. d4 Nbd7 6. Nc4 Nb6 7. Ne5 Bd6 8.
f4 exf3 9. Nxf3 O-O 10. Be2 Re8 11. O-O Bg4 12. Bd3 h6 13. h3 Bh5 14. Ne2 Qd7
15. c4 c5 16. d5 Ne4 17. Bf4 Bg6 18. Qc2 Qc7 19. Bxd6 Qxd6 20. Rae1 Nd7 21. Nc3
Nxc3 22. Bxg6 Qxg6 23. Qxc3 Qf6 24. Qc2 Ne5 25. Nxe5 {Normal} 1-0

[Event "Rated Blitz tournament iK4VnmmR"]
[Site "?"]
[Date "2021.07.22"]
[Round "?"]
[White "Kolian222"]
[Black "dr_xStranger"]
[Result "1-0"]
[WhiteElo "2441"]
[BlackElo "2481"]
[PlyCount "51"]
[EventDate "2021.??.??"]
[EventType "blitz"]

1. e4 e5 2. Nf3 d5 3. exd5 e4 4. Qe2 Qxd5 5. Nc3 Qd8 6. Nxe4 Be7 7. b3 Nc6 8.
Bb2 Kf8 9. O-O-O Bf5 10. Qc4 Nf6 11. Bd3 Be6 12. Qa4 Nd5 13. Ng3 Bf6 14. Rhe1
Ndb4 15. Bf5 Bxf5 16. Nxf5 Qd5 17. Bxf6 Qxf5 18. Be7+ Nxe7 19. Qxb4 Re8 20.
Qxb7 f6 21. Qe4 Qxe4 22. Rxe4 Kf7 23. Rde1 Rhf8 24. Nd4 g6 25. Ne6 f5 26. R4e2
{Normal} 1-0

[Event "Rated Blitz tournament iK4VnmmR"]
[Site "?"]
[Date "2021.07.22"]
[Round "?"]
[White "Kolian222"]
[Black "dr_xStranger"]
[Result "0-1"]
[WhiteElo "2443"]
[BlackElo "2492"]
[PlyCount "76"]
[EventDate "2021.??.??"]
[EventType "blitz"]

1. e4 e5 2. Nf3 d5 3. exd5 e4 4. Qe2 Nf6 5. Nc3 Be7 6. Nxe4 O-O 7. d3 Nxd5 8.
Qd1 f5 9. Be2 fxe4 10. dxe4 Nf4 11. Bxf4 Qxd1+ 12. Rxd1 Rxf4 13. e5 Be6 14. O-O
Nc6 15. c3 Raf8 16. Nd4 Nxd4 17. cxd4 c6 18. Bf3 Rxf3 19. gxf3 Rxf3 20. Rfe1
Bd5 21. Re3 Rf4 22. Rg3 Bh4 23. Rh3 Bxf2+ 24. Kf1 Bxd4+ 25. Ke2 Bxe5 26. Re3
Bd4 27. Re8+ Kf7 28. Rb8 Rf2+ 29. Ke1 Be3 30. Rxb7+ Kf6 31. Rd3 Bc5 32. b4 Rb2
33. a3 Be4 34. Rc3 Bd4 35. Rc4 Bf2+ 36. Kd1 Bd3 37. Rf4+ Ke5 38. Rbf7 Be3 {
Normal} 0-1

[Event "Rated Blitz tournament fuKCnKUN"]
[Site "?"]
[Date "2021.07.22"]
[Round "?"]
[White "ombob_Mdn"]
[Black "Bis_Kecil_BKD"]
[Result "1-0"]
[WhiteElo "2301"]
[BlackElo "2499"]
[PlyCount "114"]
[EventDate "2021.??.??"]
[EventType "blitz"]

1. e4 e5 2. Nf3 d5 3. Nxe5 dxe4 4. d4 exd3 5. Bxd3 Nd7 6. Nxd7 Bxd7 7. O-O Nf6
8. Re1+ Be6 9. Qe2 Bd6 10. Nc3 O-O 11. Be3 Re8 12. Qf3 Ng4 13. h3 Ne5 14. Qe4
Nxd3 15. Qxd3 Qh4 16. Rad1 Rad8 17. Qe4 Qh5 18. Qxb7 Rb8 19. Qc6 h6 20. Ne4 Be5
21. Bxa7 Rbd8 22. Rxd8 Rxd8 23. Ng3 Bxg3 24. fxg3 Qa5 25. Bf2 Qxa2 26. Qxc7 Rd2
27. Qc3 Rd8 28. b3 Rc8 29. Ra1 Qb1+ 30. Rxb1 Rxc3 31. b4 Rxc2 32. b5 Bd5 33. b6
Bb7 34. Rd1 Rb2 35. Rd8+ Kh7 36. Rd7 Bc6 37. Rxf7 Rb1+ 38. Kh2 Rb2 39. h4 Kg6
40. Rf4 h5 41. Kh3 Rb1 42. g4 Bd7 43. Kg3 hxg4 44. Rd4 Rb3+ 45. Kf4 Bc8 46.
Rd6+ Kh7 47. Rd8 Rb4+ 48. Kg5 Bb7 49. Rd7 Bc6 50. Rc7 Bxg2 51. h5 Bf3 52. Bg3
Rb5+ 53. Kh4 Rxb6 54. Be5 Rh6 55. Rxg7+ Kh8 56. Rxg4+ Kh7 57. Rg7+ Kh8 {Normal}
1-0

[Event "Rated Blitz tournament fuKCnKUN"]
[Site "?"]
[Date "2021.07.22"]
[Round "?"]
[White "ombob_Mdn"]
[Black "Bis_Kecil_BKD"]
[Result "1-0"]
[WhiteElo "2303"]
[BlackElo "2492"]
[PlyCount "57"]
[EventDate "2021.??.??"]
[EventType "blitz"]

1. e4 e5 2. Nf3 d5 3. Nxe5 dxe4 4. d4 Nd7 5. Nxd7 Bxd7 6. Be3 Nf6 7. Be2 Bd6 8.
h3 h5 9. Nd2 Qe7 10. c4 c6 11. Qb3 O-O-O 12. Rc1 Kb8 13. a3 Bc7 14. d5 c5 15.
Qc2 Qe5 16. b4 cxb4 17. axb4 Rc8 18. Qa2 Bb6 19. c5 Nxd5 20. Nc4 Qf6 21. cxb6
axb6 22. O-O Bxh3 23. Rfd1 Bxg2 24. Rxd5 Bf3 25. Bxf3 exf3 26. Ra1 Rxc4 27.
Qxc4 Qxa1+ 28. Kh2 Qa2 29. Qxa2 {Normal} 1-0

[Event "Rated Blitz game"]
[Site "?"]
[Date "2021.07.22"]
[Round "?"]
[White "judineptune"]
[Black "pasha1984"]
[Result "1-0"]
[WhiteElo "2394"]
[BlackElo "2411"]
[PlyCount "141"]
[EventDate "2021.??.??"]
[EventType "blitz"]

1. e4 e5 2. Nf3 d5 3. Be2 dxe4 4. Nxe5 Qd5 5. d4 exd3 6. Nxd3 Bf5 7. O-O Nc6 8.
Nc3 Qd7 9. Re1 O-O-O 10. Bf4 Bd6 11. Bxd6 Qxd6 12. Bf3 Nge7 13. Bxc6 Nxc6 14.
Qf3 Bxd3 15. cxd3 Ne5 16. Qh3+ Kb8 17. Rad1 h5 18. d4 Ng4 19. Qg3 Qxg3 20. hxg3
Rhe8 21. f3 Ne3 22. Rd2 Nc4 23. Rde2 Rxe2 24. Rxe2 Kc8 25. b3 Nd6 26. Ne4 Nxe4
27. Rxe4 Kd7 28. Kf2 Re8 29. Ke3 Re6 30. Rxe6 Kxe6 31. Ke4 f5+ 32. Kf4 Kf6 33.
g4 g5+ 34. Ke3 hxg4 35. fxg4 fxg4 36. Ke4 c6 37. d5 cxd5+ 38. Kxd5 Kf5 39. g3
b6 40. b4 b5 41. a3 a6 42. Kd4 Kf6 43. Kc5 Ke5 44. Kb6 Ke4 45. Kxa6 Kf3 46.
Kxb5 Kxg3 47. a4 Kh2 48. a5 g3 49. a6 g2 50. a7 g1=Q 51. a8=Q g4 52. Qh8+ Kg3
53. Qe5+ Kg2 54. Qe2+ Kh3 55. Qe6 Qg3 56. Ka6 Qf3 57. b5 Kg2 58. b6 Qa3+ 59.
Kb5 g3 60. b7 Qf3 61. b8=Q Qf1+ 62. Kc6 Qc1+ 63. Kd7 Qd2+ 64. Qbd6 Qxd6+ 65.
Qxd6 Kh1 66. Ke6 g2 67. Qd5 Kh2 68. Qh5+ Kg1 69. Kf5 Kf2 70. Qh2 Ke1 71. Qxg2 {
Time forfeit} 1-0

[Event "Rated Blitz tournament N6uPU9j9"]
[Site "?"]
[Date "2021.07.22"]
[Round "?"]
[White "Klimenko_Sergey_IM"]
[Black "EugenTripolsky"]
[Result "1/2-1/2"]
[WhiteElo "2548"]
[BlackElo "2431"]
[PlyCount "38"]
[EventDate "2021.??.??"]
[EventType "blitz"]

1. e4 e5 2. Nf3 d5 3. Qe2 dxe4 4. Qxe4 Nf6 5. Qxe5+ Be7 6. Qb5+ Nc6 7. d4 O-O
8. c3 Re8 9. Be3 Nd5 10. Nbd2 Bf6 11. O-O-O a6 12. Qd3 g6 13. Ne4 Bg7 14. Bg5
f6 15. Bh4 Bf5 16. Nfd2 g5 17. Bg3 Bg6 18. f3 f5 19. Nc5 f4 {Normal} 1/2-1/2

[Event "Rated Blitz tournament UCQcLtEJ"]
[Site "?"]
[Date "2021.07.22"]
[Round "?"]
[White "YesaulkovO"]
[Black "Schachelite"]
[Result "0-1"]
[WhiteElo "2392"]
[BlackElo "2426"]
[PlyCount "110"]
[EventDate "2021.??.??"]
[EventType "blitz"]

1. e4 e5 2. Nf3 d5 3. exd5 e4 4. Qe2 Nf6 5. d3 Qxd5 6. dxe4 Qxe4 7. Nc3 Bb4 8.
Bd2 Qxe2+ 9. Bxe2 O-O 10. O-O-O Re8 11. Rhe1 c6 12. Bc4 Bg4 13. Rxe8+ Nxe8 14.
Bxf7+ Kxf7 15. Ne5+ Kg8 16. Nxg4 Nd7 17. Ne4 Bxd2+ 18. Rxd2 Nb6 19. b3 Nc7 20.
c4 Ne6 21. g3 Re8 22. Nd6 Re7 23. f4 Nc5 24. Ne5 a5 25. h4 h6 26. h5 Re6 27.
Nf5 Ne4 28. Rd8+ Kh7 29. Ng6 Rxg6 30. hxg6+ Kxg6 31. g4 h5 32. Nd6 Ng3 33. f5+
Kf6 34. gxh5 Nxh5 35. Nxb7 Kxf5 36. Nxa5 c5 37. Nb7 g5 38. Nxc5 g4 39. Rf8+ Nf6
40. Ne4 Kxe4 41. Rxf6 Nd7 42. Rg6 Kf5 43. Rg7 Ne5 44. Kd2 Ng6 45. Ke2 Nf4+ 46.
Kf2 Ne6 47. Kg3 Nxg7 48. a4 Nh5+ 49. Kh4 g3 50. Kh3 Kf4 51. Kg2 Kg4 52. a5 Nf4+
53. Kg1 g2 54. a6 Kg3 55. a7 Ne2# {Normal} 0-1

[Event "Rated Blitz game"]
[Site "?"]
[Date "2021.07.22"]
[Round "?"]
[White "AngelPerezQuinones"]
[Black "blastol"]
[Result "1-0"]
[WhiteElo "2462"]
[BlackElo "2392"]
[PlyCount "93"]
[EventDate "2021.??.??"]
[EventType "blitz"]

1. e4 e5 2. Nf3 d5 3. exd5 Bd6 4. d4 e4 5. Ne5 Nf6 6. c4 O-O 7. Nc3 Re8 8. Bf4
Nbd7 9. Be2 Nxe5 10. dxe5 Bxe5 11. Bxe5 Rxe5 12. Qd4 Rg5 13. g3 Bf5 14. h4 Rg6
15. h5 Rg5 16. h6 Qe7 17. hxg7 e3 18. Qxe3 Qxe3 19. fxe3 Rxg3 20. Kf2 Rxg7 21.
Rag1 Re8 22. Bf3 Bg4 23. e4 h5 24. Re1 Nd7 25. Bxg4 hxg4 26. Kg3 a6 27. Rh5 Ne5
28. b3 Rh7 29. Rxh7 Kxh7 30. Re3 Kg6 31. Ne2 Rh8 32. Nf4+ Kg5 33. c5 Rh1 34. d6
cxd6 35. cxd6 Rd1 36. Nd5 f5 37. Kf2 fxe4 38. Nc3 Nd3+ 39. Kg3 Rg1+ 40. Kh2 Rf1
41. Nxe4+ Kf4 42. Rxd3 Kxe4 43. d7 g3+ 44. Kxg3 Rg1+ 45. Kf2 Rg8 46. d8=Q Rxd8
47. Rxd8 {Normal} 1-0

[Event "Rated Blitz tournament fuKCnKUN"]
[Site "?"]
[Date "2021.07.22"]
[Round "?"]
[White "ombob_Mdn"]
[Black "Samuel-BKD"]
[Result "0-1"]
[WhiteElo "2306"]
[BlackElo "2403"]
[PlyCount "21"]
[EventDate "2021.??.??"]
[EventType "blitz"]

1. e4 e5 2. Nf3 d5 3. Nxe5 Bd6 4. Nf3 dxe4 5. Nd4 Nf6 6. d3 exd3 7. Bxd3 O-O 8.
O-O Bg4 9. f3 Bc8 10. Nc3 Bc5 11. Kh1 {Normal} 0-1

[Event "Rated Blitz tournament UCQcLtEJ"]
[Site "?"]
[Date "2021.07.22"]
[Round "?"]
[White "RapidMind_007"]
[Black "Schachelite"]
[Result "0-1"]
[WhiteElo "2350"]
[BlackElo "2421"]
[PlyCount "30"]
[EventDate "2021.??.??"]
[EventType "blitz"]

1. e4 e5 2. Nf3 d5 3. Nxe5 Bd6 4. Nxf7 Kxf7 5. Qh5+ g6 6. Qxd5+ Kg7 7. b3 Nf6
8. Bb2 Qe7 9. Bd3 Nc6 10. O-O Be5 11. Nc3 Nxd5 12. Nxd5 Qd6 13. Bxe5+ Nxe5 14.
f4 Nxd3 15. cxd3 Be6 {Normal} 0-1

[Event "Rated Blitz tournament UCQcLtEJ"]
[Site "?"]
[Date "2021.07.22"]
[Round "?"]
[White "magdanoz"]
[Black "Lur15"]
[Result "1-0"]
[WhiteElo "2408"]
[BlackElo "2326"]
[PlyCount "135"]
[EventDate "2021.??.??"]
[EventType "blitz"]

1. e4 e5 2. Nf3 d5 3. exd5 e4 4. Ne5 Qxd5 5. d4 exd3 6. Nxd3 Nf6 7. Nc3 Qf5 8.
Bf4 Bd6 9. Bxd6 cxd6 10. Qe2+ Be6 11. g3 Nc6 12. O-O-O O-O 13. Nf4 Rad8 14. Bh3
Qa5 15. Nxe6 fxe6 16. Bxe6+ Kh8 17. Bb3 d5 18. Rhe1 Rfe8 19. Qb5 Qc7 20. Rxe8+
Rxe8 21. Nxd5 Nxd5 22. Qxd5 h6 23. Kb1 Qb6 24. Qd2 Rd8 25. Qe1 Rxd1+ 26. Qxd1
Qxf2 27. a3 Qxh2 28. Qd5 Kh7 29. Qf5+ Kh8 30. Qf8+ Kh7 31. Bf7 h5 32. Qg8+ Kh6
33. Qh8+ Kg5 34. Qxg7+ Kf5 35. Qg6+ Ke5 36. Qxh5+ Qxh5 37. Bxh5 Kf6 38. Bf3 Nd8
39. b4 b6 40. c4 Ne6 41. Kb2 Nd4 42. Bd1 Ke5 43. Kc3 Nc6 44. Bf3 Ne7 45. c5
bxc5 46. bxc5 Nf5 47. c6 Kd6 48. g4 Ne7 49. Be4 Ke5 50. Kd3 Kd6 51. g5 Ng8 52.
g6 Ne7 53. g7 Ng8 54. Bh7 Nf6 55. g8=Q Nxg8 56. Bxg8 Kxc6 57. Kc4 Kb6 58. Kb4
Ka6 59. Ka4 Kb6 60. Bc4 Kb7 61. Ka5 Kb8 62. Ka6 Ka8 63. Bd5+ Kb8 64. Bb7 Kc7
65. Kxa7 Kd6 66. a4 Kc5 67. a5 Kb4 68. a6 {Normal} 1-0

[Event "Rated Blitz game"]
[Site "?"]
[Date "2021.07.22"]
[Round "?"]
[White "mared2"]
[Black "mirekkk14"]
[Result "0-1"]
[WhiteElo "2452"]
[BlackElo "2375"]
[PlyCount "76"]
[EventDate "2021.??.??"]
[EventType "blitz"]

1. e4 e5 2. Nf3 d5 3. exd5 e4 4. Qe2 Nf6 5. d3 Be7 6. dxe4 O-O 7. Nbd2 c6 8. c4
Bb4 9. Qd3 Nxe4 10. a3 Nc5 11. Qc2 Re8+ 12. Be2 Qe7 13. O-O Bxd2 14. Bxd2 Bg4
15. Rfe1 Nbd7 16. Be3 Rac8 17. dxc6 Rxc6 18. Nd4 Rg6 19. Bxg4 Rxg4 20. Bd2 Qd8
21. Nf5 Nf6 22. f3 Rxe1+ 23. Rxe1 Nd3 24. fxg4 Nxe1 25. Bxe1 g6 26. Ne3 Qd4 27.
Bf2 Ne4 28. Nd1 Qe5 29. h3 Kg7 30. Bxa7 Ng5 31. Nf2 f6 32. Qd2 Kh6 33. Be3 Kg7
34. h4 Nf7 35. Bd4 Qe6 36. g5 h6 37. Bxf6+ Kh7 38. Nd3 Qe1+ {Time forfeit} 0-1

[Event "Rated Rapid game"]
[Site "?"]
[Date "2021.07.22"]
[Round "?"]
[White "Redwoman33"]
[Black "liaqat321"]
[Result "1-0"]
[WhiteElo "2473"]
[BlackElo "2337"]
[PlyCount "99"]
[EventDate "2021.??.??"]
[EventType "rapid"]

1. e4 e5 2. Nf3 d5 3. d3 Nc6 4. exd5 Qxd5 5. Nc3 Qa5 6. Bd2 Bb4 7. a4 Bg4 8.
Be2 O-O-O 9. O-O f5 10. h3 Bh5 11. Nxe5 Bxe2 12. Nxc6 Bxd1 13. Nxa5 Bxc2 14.
Rfc1 Bxd3 15. Nb5 Bxb5 16. Bxb4 Ba6 17. Bc3 Nf6 18. b4 b6 19. Nc6 Rd6 20. Be5
Re6 21. Nxa7+ Kb8 22. Nc6+ Ka8 23. Bxc7 Rc8 24. Nd4 Re4 25. Bxb6 Rxc1+ 26. Rxc1
Nd5 27. Bc5 Nxb4 28. f3 Rf4 29. Rb1 Nd3 30. g3 Nxc5 31. gxf4 g6 32. a5 Nd3 33.
Ne6 Bc8 34. Nc7+ Ka7 35. Nd5 Bb7 36. Nf6 Nxf4 37. Kh2 Bxf3 38. Nxh7 Be4 39. Rb4
Nd5 40. Rd4 Ka6 41. Ng5 Nc3 42. Rc4 Nb5 43. Nxe4 fxe4 44. Rxe4 Kxa5 45. Rg4 Kb6
46. Rxg6+ Kc7 47. h4 Kd7 48. h5 Ke7 49. h6 Kf7 50. h7 {Normal} 1-0

[Event "Rated Blitz tournament aK835MEm"]
[Site "?"]
[Date "2021.07.22"]
[Round "?"]
[White "excelmove27"]
[Black "Armament_Haki"]
[Result "0-1"]
[WhiteElo "2278"]
[BlackElo "2554"]
[PlyCount "64"]
[EventDate "2021.??.??"]
[EventType "blitz"]

1. e4 e5 2. Nf3 d5 3. exd5 e4 4. Qe2 Nf6 5. d3 Be7 6. dxe4 O-O 7. c4 c6 8. Nc3
Re8 9. Qc2 Bb4 10. Bd3 cxd5 11. cxd5 Bxc3+ 12. bxc3 Qxd5 13. O-O Qh5 14. Re1
Nc6 15. Bc4 Be6 16. Bxe6 Rxe6 17. Nd4 Nxd4 18. cxd4 Rxe4 19. Rxe4 Nxe4 20. Be3
Nf6 21. Rb1 b6 22. Qc6 Qd5 23. Rc1 h6 24. a4 Rd8 25. h3 Qxc6 26. Rxc6 Rd5 27.
g4 Kf8 28. Kf1 Ke7 29. Ke2 Kd7 30. Rc4 a6 31. Kd3 b5 32. a5 bxc4+ {Normal} 0-1